<?xml version="1.0" encoding="UTF-8"?>
<record
    xmlns:xsi="http://www.w3.org/2001/XMLSchema-instance"
    xsi:schemaLocation="http://www.loc.gov/MARC21/slim http://www.loc.gov/standards/marcxml/schema/MARC21slim.xsd"
    xmlns="http://www.loc.gov/MARC21/slim">

  <leader>     nam a22     7a 4500</leader>
  <datafield tag="999" ind1=" " ind2=" ">
    <subfield code="c">45193</subfield>
    <subfield code="d">45193</subfield>
  </datafield>
  <controlfield tag="003">OSt</controlfield>
  <controlfield tag="005">20190403150955.0</controlfield>
  <controlfield tag="008">190403b        xxu||||| |||| 00| 0 eng d</controlfield>
  <datafield tag="040" ind1=" " ind2=" ">
    <subfield code="c">sero soft</subfield>
  </datafield>
  <datafield tag="100" ind1=" " ind2=" ">
    <subfield code="a">G.P.Tripathi</subfield>
  </datafield>
  <datafield tag="245" ind1=" " ind2=" ">
    <subfield code="a">Indian Legal &amp; Constitution History(Hindi)</subfield>
  </datafield>
  <datafield tag="260" ind1=" " ind2=" ">
    <subfield code="a">Allahabad</subfield>
    <subfield code="b">Central Law Pub</subfield>
  </datafield>
  <datafield tag="300" ind1=" " ind2=" ">
    <subfield code="a">450</subfield>
  </datafield>
  <datafield tag="942" ind1=" " ind2=" ">
    <subfield code="2">ddc</subfield>
    <subfield code="c">02</subfield>
  </datafield>
  <datafield tag="952" ind1=" " ind2=" ">
    <subfield code="0">0</subfield>
    <subfield code="1">0</subfield>
    <subfield code="2">ddc</subfield>
    <subfield code="4">0</subfield>
    <subfield code="7">0</subfield>
    <subfield code="a">04</subfield>
    <subfield code="b">04</subfield>
    <subfield code="d">2019-04-03</subfield>
    <subfield code="e">Loyal book Depot meerut</subfield>
    <subfield code="g">270.00</subfield>
    <subfield code="i">00002558/18-31/03/19</subfield>
    <subfield code="l">8</subfield>
    <subfield code="p">04-B-6909</subfield>
    <subfield code="r">2024-06-19</subfield>
    <subfield code="s">2024-02-15</subfield>
    <subfield code="w">2019-04-03</subfield>
    <subfield code="y">02</subfield>
  </datafield>
  <datafield tag="952" ind1=" " ind2=" ">
    <subfield code="0">0</subfield>
    <subfield code="1">0</subfield>
    <subfield code="2">ddc</subfield>
    <subfield code="4">0</subfield>
    <subfield code="7">0</subfield>
    <subfield code="a">04</subfield>
    <subfield code="b">04</subfield>
    <subfield code="d">2019-04-03</subfield>
    <subfield code="e">Loyal book Depot meerut</subfield>
    <subfield code="g">270.00</subfield>
    <subfield code="i">00002558/18-31/03/19</subfield>
    <subfield code="l">4</subfield>
    <subfield code="p">04-B-6910</subfield>
    <subfield code="r">2023-07-27</subfield>
    <subfield code="s">2023-03-27</subfield>
    <subfield code="w">2019-04-03</subfield>
    <subfield code="y">02</subfield>
  </datafield>
  <datafield tag="952" ind1=" " ind2=" ">
    <subfield code="0">0</subfield>
    <subfield code="1">0</subfield>
    <subfield code="2">ddc</subfield>
    <subfield code="4">0</subfield>
    <subfield code="7">0</subfield>
    <subfield code="a">04</subfield>
    <subfield code="b">04</subfield>
    <subfield code="d">2024-03-04</subfield>
    <subfield code="e">Loyal book Depot meerut</subfield>
    <subfield code="g">270.00</subfield>
    <subfield code="i">00002558/18-31/03/19</subfield>
    <subfield code="l">7</subfield>
    <subfield code="p">04-B-6911</subfield>
    <subfield code="r">2024-06-24</subfield>
    <subfield code="s">2024-03-04</subfield>
    <subfield code="w">2019-04-03</subfield>
    <subfield code="y">02</subfield>
  </datafield>
  <datafield tag="952" ind1=" " ind2=" ">
    <subfield code="0">0</subfield>
    <subfield code="1">0</subfield>
    <subfield code="2">ddc</subfield>
    <subfield code="4">0</subfield>
    <subfield code="7">0</subfield>
    <subfield code="a">04</subfield>
    <subfield code="b">04</subfield>
    <subfield code="d">2019-04-03</subfield>
    <subfield code="e">Loyal book Depot meerut</subfield>
    <subfield code="g">270.00</subfield>
    <subfield code="i">00002558/18-31/03/19</subfield>
    <subfield code="l">4</subfield>
    <subfield code="p">04-B-6912</subfield>
    <subfield code="r">2023-07-08</subfield>
    <subfield code="s">2023-07-04</subfield>
    <subfield code="w">2019-04-03</subfield>
    <subfield code="y">02</subfield>
  </datafield>
  <datafield tag="952" ind1=" " ind2=" ">
    <subfield code="0">0</subfield>
    <subfield code="1">0</subfield>
    <subfield code="2">ddc</subfield>
    <subfield code="4">0</subfield>
    <subfield code="7">0</subfield>
    <subfield code="a">04</subfield>
    <subfield code="b">04</subfield>
    <subfield code="d">2019-04-03</subfield>
    <subfield code="e">Loyal book Depot meerut</subfield>
    <subfield code="g">270.00</subfield>
    <subfield code="i">00002558/18-31/03/19</subfield>
    <subfield code="l">2</subfield>
    <subfield code="p">04-B-6913</subfield>
    <subfield code="r">2021-07-27</subfield>
    <subfield code="s">2021-02-09</subfield>
    <subfield code="w">2019-04-03</subfield>
    <subfield code="y">02</subfield>
  </datafield>
  <datafield tag="952" ind1=" " ind2=" ">
    <subfield code="0">0</subfield>
    <subfield code="1">0</subfield>
    <subfield code="2">ddc</subfield>
    <subfield code="4">0</subfield>
    <subfield code="7">0</subfield>
    <subfield code="a">04</subfield>
    <subfield code="b">04</subfield>
    <subfield code="d">2019-04-03</subfield>
    <subfield code="e">Loyal book Depot meerut</subfield>
    <subfield code="g">270.00</subfield>
    <subfield code="i">00002558/18-31/03/19</subfield>
    <subfield code="l">4</subfield>
    <subfield code="p">04-B-6914</subfield>
    <subfield code="r">2024-06-21</subfield>
    <subfield code="s">2024-03-05</subfield>
    <subfield code="w">2019-04-03</subfield>
    <subfield code="y">02</subfield>
  </datafield>
  <datafield tag="952" ind1=" " ind2=" ">
    <subfield code="0">0</subfield>
    <subfield code="1">0</subfield>
    <subfield code="2">ddc</subfield>
    <subfield code="4">0</subfield>
    <subfield code="7">0</subfield>
    <subfield code="a">04</subfield>
    <subfield code="b">04</subfield>
    <subfield code="d">2019-04-03</subfield>
    <subfield code="e">Loyal book Depot meerut</subfield>
    <subfield code="g">270.00</subfield>
    <subfield code="i">00002558/18-31/03/19</subfield>
    <subfield code="l">3</subfield>
    <subfield code="p">04-B-6915</subfield>
    <subfield code="r">2024-06-25</subfield>
    <subfield code="s">2024-02-26</subfield>
    <subfield code="w">2019-04-03</subfield>
    <subfield code="y">02</subfield>
  </datafield>
</record>
